000 00372nam a22001457a 4500
005 20151130113642.0
008 151130b xxu||||| |||| 00| 0 eng d
040 _cPK-LaUMT
082 _aMSC 923.1
_bSAT-A
100 _aستار طاہر
245 _aآخری بیان
_cستار طاہر
260 _aلاہور
_bکلاسیک
_c1986
300 _a163 ص
942 _cBK
999 _c79203
_d79203